Muslim political discourse in postcolonial India : (Record no. 95174)

MARC details
000 -LEADER
fixed length control field 00661nam a22001937a 4500
005 - DATE AND TIME OF LATEST TRANSACTION
control field 20150811123540.0
010 ## - LCCN (DPL NO)
LC control number ENG-113636
020 ## - INTERNATIONAL STANDARD BOOK NUMBER
International Standard Book Number 9781138020160
Terms of availability 850.00
035 ## - SYSTEM CONTROL NUMBER
System control number EN-97168
037 ## - SOURCE OF ACQUISITION
Source of stock number/acquisition DBAD/PUB
082 ## - DEWEY DECIMAL CLASSIFICATION NUMBER
Classification number 954.035
100 ## - MAIN ENTRY--PERSONAL NAME
Personal name Hilal Ahmed
245 ## - TITLE STATEMENT
Title Muslim political discourse in postcolonial India :
Statement of responsibility, etc by Hilal Ahmed
Remainder of title monuments, memory, contestation /
260 ## - PUBLICATION, DISTRIBUTION, ETC. (IMPRINT)
Place of publication, distribution, etc New Delhi
Name of publisher, distributor, etc Routledge
Date of publication, distribution, etc 2014
270 ## - ADDRESS
Address 912 Tolstoy House, 15-17 Tolstoy Marg, Connaught Place
City New Delhi
Postal code 110001
300 ## - PHYSICAL DESCRIPTION
Extent xvi,328p.
Dimensions 23cm(Hb)
500 ## - GENERAL NOTE
General note Includes bibliographical references and index
942 ## - ADDED ENTRY ELEMENTS (KOHA)
Source of classification or shelving scheme Dewey Decimal Classification
Item type English Books
Call number suffix HIL
Classification part 954.035
Holdings
Withdrawn status Lost status Not for loan Collection code Home library Current library Date acquired Source of acquisition Cost, normal purchase price Full call number Barcode Copy number Cost, replacement price Koha item type
    Not For Loan Non-fiction D.B.Act.Division D.B.Act.Division 22/07/2015 DBAD/PUB 850.00 954.035 HIL EN-97168 1 850.00 English Books

© Delhi Public Library
Hit Counter
free hit counter